RICS Practice Alert - fire safety (Record no. 122198)

MARC details
000 -LEADER
fixed length control field 01427nam a22002297a 4500
005 - DATE AND TIME OF LATEST TRANSACTION
control field 20250710161647.0
008 - FIXED-LENGTH DATA ELEMENTS--GENERAL INFORMATION
fixed length control field 250710e20250710xxk|||||o|||| 00| 0 eng d
041 ## - LANGUAGE CODE
Language code of text/sound track or separate title eng
110 ## - MAIN ENTRY--CORPORATE NAME
Corporate author Royal Institution of Chartered Surveyors
245 ## - TITLE STATEMENT
Title RICS Practice Alert - fire safety
Medium [Email update]
260 ## - PUBLICATION INFORMATION
Place of publication London,
Publisher Royal Institution of Chartered Surveyors,
Date 10 July 2025
300 ## - PHYSICAL DESCRIPTION
Physical description email
490 ## - SERIES TITLE
Series statement RICS Practice Alert
520 ## - ABSTRACT
Abstract The purpose of this alert is to remind members of their legal, professional and regulatory obligations when providing fire and building safety services in all cases, and to warn of specific risks relating to individuals acting outside their competence or having their credentials <br/>misused by others. To gather more accurate data, RICS requires all members currently involved in carrying out fire safety and building safety work, or who have been involved in carrying out EWS1 inspections and reports in the past, to respond to a regulatory return by 8 August 2025 (link to form included in the email / practice update)
650 ## - KEYWORDS
Keywords FIRE SAFETY
650 ## - KEYWORDS
Keywords SURVEYING PROFESSION
651 ## - SUBJECT ADDED ENTRY--GEOGRAPHIC NAME
Geographic name United Kingdom
690 ## - BROAD SUBJECT
Broad subject Building control
9 (RLIN) 6222
710 ## - ADDED CORPORATE NAME
Added corporate author Royal Institution of Chartered Surveyors
856 ## - ONLINE RESOURCE
Uniform Resource Identifier <a href="https://www.rics.org/content/dam/ricsglobal/documents/regulation/RICS-Practice-Alert-fire-safety-July-2025.pdf">https://www.rics.org/content/dam/ricsglobal/documents/regulation/RICS-Practice-Alert-fire-safety-July-2025.pdf</a>
Public note View the online Practice Update
942 ## - ADDED ENTRY ELEMENTS (KOHA)
Suppress in OPAC Do not suppress in OPAC
Holdings
Lost status Damaged status Not for loan Current library Shelving location Date acquired Total Checkouts Full call number Date last seen Price effective from Koha item type
      Virtual Online 10/07/2025   email 10/07/2025 10/07/2025 email